Introducing the Creative Industries from Theory to Practice
Salvato in:
| Autore principale: | |
|---|---|
| Altri autori: | |
| Natura: | Libro |
| Lingua: | inglese |
| Pubblicazione: |
London
SAGE
2013
|
| Edizione: | 1st Edition |
| Soggetti: | |
| Tags: |
Nessun Tag, puoi essere il primo ad aggiungerne!!
|
MARC
| LEADER | 00000nam a2200000 4500 | ||
|---|---|---|---|
| 001 | 0277313 | ||
| 005 | 20240315121737.9 | ||
| 020 | |a 978-1-84920-573-3 | ||
| 020 | |a 978-1-84920-572-6 | ||
| 041 | 0 | |a eng | |
| 044 | |a GB | ||
| 245 | 1 | 0 | |a Introducing the Creative Industries |b from Theory to Practice |c Rosamund Davies and Gauti Sigthorsson |
| 250 | |a 1st Edition | ||
| 264 | 1 | |a London |b SAGE |c 2013 | |
| 300 | |a 269 s. | ||
| 610 | 2 | 0 | |a priemysel kreatívny |
| 610 | 2 | 0 | |a teória a prax |
| 610 | 2 | 0 | |a modely podniku |
| 610 | 2 | 0 | |a produkcia |
| 610 | 2 | 0 | |a kreativita |
| 610 | 2 | 0 | |a zručnosti |
| 610 | 2 | 0 | |a výskum |
| 100 | 1 | |a Davies, Rosamund | |
| 700 | 1 | |a Sigthorsson, Gauti | |